LEADER 05659nam 2200685Ia 450 001 9910462064803321 005 20200520144314.0 010 $a92-808-7153-6 035 $a(CKB)2670000000256130 035 $a(EBL)794960 035 $a(OCoLC)826488310 035 $a(SSID)ssj0000719869 035 $a(PQKBManifestationID)11417907 035 $a(PQKBTitleCode)TC0000719869 035 $a(PQKBWorkID)10661079 035 $a(PQKB)10279015 035 $a(MiAaPQ)EBC794960 035 $a(Au-PeEL)EBL794960 035 $a(CaPaEBR)ebr10605353 035 $a(EXLCZ)992670000000256130 100 $a20110518d2011 uy 0 101 0 $aeng 135 $aurcn||||||||| 181 $ctxt 182 $cc 183 $acr 200 00$aAchieving global sustainability$b[electronic resource] $epolicy recommendations /$fedited by Takamitsu Sawa, Susumu Iai and Seiji Ikkatai 210 $aTokyo ;$aNew York $cUnited Nations University Press$dc2011 215 $a1 online resource (364 p.) 225 0$aSustainability science series 300 $aDescription based upon print version of record. 311 $a92-808-1184-3 320 $aIncludes bibliographical references and index. 327 $a""Achieving global sustainability: Policy recommendations""; ""Contents""; ""Figures""; ""Tables""; ""Plates""; ""Equations""; ""Contributors""; ""Abbreviations""; ""Preface""; ""1 Introduction""; ""1-1 The end of the era of CO2 emissions""; ""1-2 Green New Deal""; ""1-3 The end of the era of automobiles and oil""; ""1-4 Automobiles and digital cameras""; ""1-5 Measures to combat climate change will spur global economic growth""; ""2 Global sustainability""; ""2-1 Global sustainability: Current issues and challenges""; ""2-1-1 Sustainability issues in the twenty-first century"" 327 $a""2-1-2 The current state of global sustainability""""Environmental sustainability""; ""Global socio-economic realities""; ""2-1-3 Approaches to global sustainability""; ""2-1-4 Challenges for global sustainability""; ""The role of technology and institutions""; ""Challenges in developing countries""; ""2-1-5 Conclusion""; ""Notes""; ""References""; ""2-2 Global sustainability: Globalization and sustainable development""; ""2-2-1 Introduction""; ""2-2-2 Today's patterns in global environmental changes""; ""2-2-3 Environment and economic globalization in East Asia"" 327 $a""Mutual dependence between international specialization and environmental load""""2-2-4 Sustainable development of Asia""; ""Sustainable development of East Asia""; ""Asia of growth and Asia with vulnerability""; ""2-2-5 Global sustainability and local initiatives""; ""2-2-6 Conclusion""; ""References""; ""2-3 A new paradigm for economic growth""; ""2-3-1 Introduction""; ""2-3-2 The twentieth century as the century of CO2""; ""2-3-3 The basis for President Bush's withdrawal announcement""; ""2-3-4 Adaptation to climate change""; ""2-3-5 Franklin D. Roosevelt and Barack Obama"" 327 $a""2-3-6 Keynesian economics reborn""""2-3-7 The Green New Deal declaration""; ""2-3-8 Penetration of consumer durables to drive future growth""; ""2-3-9 What needs to be done to facilitate the penetration of solar panels?""; ""2-3-10 Stationary fuel cells and electric cars""; ""2-3-11 Closing remarks""; ""References""; ""3 Paradigm shift of socio-economic development""; ""3-1 Sustainable development and social common capital""; ""3-1-1 Introduction""; ""3-1-2 Economic models of sustainable development""; ""3-1-3 Productive base and social common capital"" 327 $a""3-1-4 Social common capital and climate change""""3-1-5 Conclusion""; ""References""; ""3-2 Social norms and peoplea???s values in light of sustainability""; ""3-2-1 Introduction""; ""3-2-2 Sustainability and social dilemma""; ""Social dilemmas""; ""Importance of communication""; ""Efficacy for cooperation""; ""Inherent features of environmental problems""; ""3-2-3 Morality and social norms""; ""Psychological factors in the social dilemma""; ""Social norms for cooperation""; ""Two types of social norms""; ""3-2-4 Keys to solving social dilemmas in the local community"" 327 $a""Community and social capital"" 330 $aThe problem of global sustainability is indisputably the most serious issue facing humanity today. One of the biggest factors in the deterioration of global sustainability is climate change which has been exacerbated by the entire range of human activities and is inextricably related to modern civilization. Solving this difficult problem requires a drastic redesign of society from all aspects-technological, economic, and social. This book looks at at how to achieve a more secure level of global sustainability and gathers together a variety of recommendations.Achieving Global Sustainability rev 606 $aClimatic changes$xGovernment policy 606 $aGlobal environmental change$xGovernment policy 606 $aSustainability$xGovernment policy 606 $aSustainable development$xGovernment policy 608 $aElectronic books. 615 0$aClimatic changes$xGovernment policy. 615 0$aGlobal environmental change$xGovernment policy. 615 0$aSustainability$xGovernment policy. 615 0$aSustainable development$xGovernment policy. 676 $a338.9/27 701 $aIai$b Susumu$0979605 701 $aIkkatai$b Seiji$0979606 701 $aSawa$b Takamitsu$f1942-$0979607 801 0$bMiAaPQ 801 1$bMiAaPQ 801 2$bMiAaPQ 906 $aBOOK 912 $a9910462064803321 996 $aAchieving global sustainability$92233905 997 $aUNINA LEADER 01211nam0 22002771i 450 001 UON00164824 005 20231205103025.928 010 $a09-03-12211-1 100 $a20021122d2000 |0itac50 ba 101 $aeng 102 $aUS 105 $a|||| 1|||| 200 1 $aLand of iron$eThe historical archaeology of Luwu and the Cenrana valley$eResults of the origin of complex Society in South Sulawesi Project (OXIS)$fDavid Bulbeck and Ian Caldwell 210 $aHull$cCentre for South-East Asian Studies$d2000. -VI$d141 p. ; ill. ; 27 cm 606 $aArcheologia$xIndonesia$3UONC002269$2FI 620 $dHull$3UONL000783 686 $aINDS X C$cINDONESIA - ARCHEOLOGIA - MONOGRAFIE (MONUMENTI SITI AREE)$2A 700 1$aBULBECK$bDavid$3UONV096348$0674633 701 1$aCALDWELL$bIan$3UONV096349$0674634 712 $aUniversity of Hull$3UONV254994$4650 801 $aIT$bSOL$c20250328$gRICA 899 $aSIBA - SISTEMA BIBLIOTECARIO DI ATENEO$2UONSI 912 $aUON00164824 950 $aSIBA - SISTEMA BIBLIOTECARIO DI ATENEO$dSI INDS X C 004 $eSI SA 106663 7 004 996 $aLand of iron$91283647 997 $aUNIOR